LIBRARY ONLINE CATALOGUE

Programming logic and design / (Record no. 3260)

MARC details
000 -LEADER
fixed length control field 00701nam a22002292 4500
001 - CONTROL NUMBER
control field 0000008420
005 - DATE AND TIME OF LATEST TRANSACTION
control field 20151217145840.0
008 - FIXED-LENGTH DATA ELEMENTS--GENERAL INFORMATION
fixed length control field 080411s xx 000 0 eng d
020 ## - INTERNATIONAL STANDARD BOOK NUMBER
International Standard Book Number 8131502635 :
Terms of availability KES 3100
040 ## - CATALOGING SOURCE
Original cataloging agency KABU
Transcribing agency KABU
100 1# - MAIN ENTRY--PERSONAL NAME
Personal name Farrell, Joyce.
-- 0000158983
245 10 - TITLE STATEMENT
Title Programming logic and design /
Statement of responsibility, etc. Joyce Farrell.
250 ## - EDITION STATEMENT
Edition statement 4th ed.
260 ## - PUBLICATION, DISTRIBUTION, ETC. (IMPRINT)
Place of publication, distribution, etc. New Delhi :
Name of publisher, distributor, etc. Thomson Learning,
Date of publication, distribution, etc. 2007.
300 ## - PHYSICAL DESCRIPTION
Extent xvi, 671, [53] p.
650 #0 - SUBJECT ADDED ENTRY--TOPICAL TERM
Topical term or geographic name as entry element Logic programming.
-- 0000155010
650 #0 - SUBJECT ADDED ENTRY--TOPICAL TERM
Topical term or geographic name as entry element Logic design.
-- 0000156421
908 ## - PUT COMMAND PARAMETER (RLIN)
Put command parameter 080411
950 ## - LOCAL HOLDINGS (RLIN)
-- 1
Holdings
Withdrawn status Lost status Source of classification or shelving scheme Not for loan Home library Current library Date acquired Total Checkouts Total Renewals Full call number Barcode Date last seen Date last checked out Price effective from Koha item type
    Library of Congress Classification   Kabarak, Main Campus Kabarak, Main Campus 17/12/2015 5 1 QA76.63 .F37 2007 005860 06/12/2019 16/11/2019 17/12/2015 General Collection
    Library of Congress Classification   Kabarak, Main Campus Kabarak, Main Campus 17/12/2015 2   QA76.63 .F37 2007 005859 15/10/2018 08/10/2018 17/12/2015 General Collection